000 00334nam a2200145Ia 4500
005 20251222144657.0
008 251222s9999||||xx |||||||||||||| ||spa||
020 _a84-321-2456-7
082 _a158/C28
100 _aCardona Pescador, Juan
245 0 _aLos Miedos del Hombre:
250 _a2a.ed.
264 _bRialp
942 _cLIB
999 _c17281
_d17281